| 000 | 00829nam a22002297a 4500 | ||
|---|---|---|---|
| 005 | 2010080206046.0 | ||
| 010 | _aENG-97814 | ||
| 020 |
_a9788170589235 _c185.00 |
||
| 035 | _aEN-81347 | ||
| 037 | _bDBAD/PUB | ||
| 082 | _a181.45 | ||
| 245 |
_aThe message of the Gita / _cinterpreted by Sri Aurobindo ; edited by Anilbaran roy |
||
| 250 | _a6th edition | ||
| 260 |
_aPondicherry _bSri Aurobindo Ashram _c2009 |
||
| 270 |
_aSri Aurobindo Ashram Publication Department _bPondicherry _e605002 |
||
| 300 |
_axiv,374p _c21cm (pbk) |
||
| 650 |
_aBhaghwad Gita _94359 |
||
| 700 |
_aAurobindo _94360 |
||
| 700 |
_aRoy, Anilbaran _94361 |
||
| 942 |
_2ddc _cEN _h181.45 _mMES |
||
| 999 |
_c38717 _d38717 |
||